000
00245nam a2200097Ia 4500
001
1041546
005
20250826232044.0
008
250824s9999 xx 000 0 und d
245
0
_a
BÜYÜK İSKENDER
_c
JONA LENDERING
260
_b
KRONİK YAYINLARI
999
_c
1041546
_d
1041546